01021nam a2200217 a 450000100100000000500170001000800410002704000250006808200180009324501560011126000430026730000270031065000650033765000380040265000380044065000320047870000380051095201160054895201220066499900170078600004514420250522113441.0150205s1995 dr a 000 0 spa d aDO-SdBNPbspacBNPHU a372.21bG943e00aGuía de la evaluación del proceso del desarrollo del niño y la niña :bsegundo ciclo educación inicial /cpresentación ; Mechy Hernández. aSanto Domingo :bABM Impresora,c1995. a28 p. :bil. ;c28 cm. 4aEducación preescolarzRepública DominicanavGUIAS973153 4aDesarrollo infantilvGUIAS973163 4aEducación inicialvGUIAS973155 0aNiñosxcrecimiento97315612aHernández, Mechy,epres.973157 0010718PDaPDbPDcCTd2015-02-05iLF1l0o372.21 G943ep45144-10r2020-06-25w2020-06-25yLFPDZNo se presta 0010718PDaPDbPDcCTd2015-02-05iLF1l0o372.21 G943ep45144-20r2020-06-25te. 2w2020-06-25yLFPDZNo se presta c44633d44633